[Event "Alicante IM 4th"]
[Site "Alicante"]
[Date "2025.07.02"]
[Round "5"]
[White "Docampo Beltran, Dexter"]
[Black "Lamaze, Simon"]
[Result "0-1"]
[WhiteElo "2397"]
[BlackElo "2424"]
[PlyCount "134"]
[EventDate "2025.06.30"]
[EventType "tourn"]
[EventRounds "9"]
[EventCountry "ESP"]
[EventCategory "2"]
[SourceTitle "CB28_2025"]
[SourceDate "2025.07.09"]
[SourceVersion "1"]
[SourceVersionDate "2025.07.09"]
[SourceQuality "1"]

1. e4 c5 2. Nc3 Nc6 3. f4 g6 4. Nf3 Bg7 5. Bb5 Nd4 6. 0-0 a6 7. Be2 e6 8. d3 Ne7 9. e5 d6 10. exd6 Qxd6 11. Nxd4 cxd4 12. Ne4 Qc7 13. Bd2 0-0 14. Bb4 Rd8 15. Bxe7 Qxe7 16. Bf3 Ra7 17. a4 b6 18. Nd2 Qc7 19. g3 Bd7 20. Nc4 Be8 21. Qd2 Qc5 22. Rf2 Rb8 23. Re2 h5 24. Kf2 Rc7 25. Ra2 b5 26. axb5 axb5 27. Na5 Rbc8 28. Qd1 h4 29. Kg2 Qb6 30. Nb3 Bc6 31. Nd2 Bd7 32. b3 e5 33. fxe5 Rc5 34. Nf1 Re8 35. Qd2 Rcxe5 36. Ra8 Rxe2+ 37. Qxe2 Rxa8 38. Bxa8 h3+ 39. Kf2 Qc5 40. Bf3 Bh6 41. g4 Bf4 42. Ng3 Be3+ 43. Kf1 Qe5 44. Ke1 b4 45. Nf1 Kg7 46. Ng3 Be6 47. Nf1 Kh6 48. Ng3 Qf4 49. Qf1 Kg7 50. Qe2 Qc7 51. Kf1 Qf4 52. Ke1 Bg1 53. Nf1 Qc1+ 54. Qd1 Qxd1+ 55. Bxd1 Kf6 56. Nd2 Bxh2 57. Ne4+ Ke5 58. Ng5 Bg3+ 59. Kf1 Kf4 60. Nxh3+ Ke3 61. Ng5 Bd5 62. Be2 Kd2 63. Bf3 Bxf3 64. Nxf3+ Kxc2 65. Ke2 Kc3 66. Nd2 Bf4 67. Nf3 Be3 0-1

[Event "Alicante IM 4th"]
[Site "Alicante"]
[Date "2025.07.02"]
[Round "6"]
[White "Lamaze, Simon"]
[Black "Yuste Valenzuela, Alejandro"]
[Result "1-0"]
[WhiteElo "2424"]
[BlackElo "2170"]
[PlyCount "109"]
[EventDate "2025.06.30"]
[EventType "tourn"]
[EventRounds "9"]
[EventCountry "ESP"]
[EventCategory "2"]
[SourceTitle "CB28_2025"]
[SourceDate "2025.07.09"]
[SourceVersion "1"]
[SourceVersionDate "2025.07.09"]
[SourceQuality "1"]

1. e4 c6 2. Nf3 d5 3. d3 g6 4. g3 Bg7 5. Bg2 dxe4 6. dxe4 Qxd1+ 7. Kxd1 Nf6 8. Nbd2 0-0 9. Ne1 Rd8 10. f3 Nfd7 11. c3 Na6 12. Kc2 Nac5 13. Nc4 b6 14. Be3 Ba6 15. Bf1 Nb7 16. a4 c5 17. Ng2 Ne5 18. Nxe5 Bxf1 19. Rhxf1 Bxe5 20. Bf2 Rac8 21. Ne3 Na5 22. f4 Bg7 23. b3 Kf8 24. Rfd1 Ke8 25. g4 h6 26. h4 e6 27. Rxd8+ Rxd8 28. Rg1 Nb7 29. Nc4 Nd6 30. Nxd6+ Rxd6 31. a5 Rc6 32. axb6 axb6 33. Ra1 Kd7 34. h5 e5 35. f5 g5 36. Be3 Bf6 37. Kd3 Rd6+ 38. Kc4 Kc6 39. Ra6 Kb7 40. Kb5 Be7 41. b4 cxb4 42. cxb4 Bd8 43. Bc5 Rc6 44. Ra7+ Kxa7 45. Kxc6 bxc5 46. bxc5 Kb8 47. Kd7 Ba5 48. f6 Bb4 49. c6 Ba5 50. Ke7 Kc7 51. Kxf7 Kxc6 52. Kg7 Bd8 53. f7 Be7 54. Kxh6 Kd7 55. Kg7 1-0

[Event "FRA-ch Rapid"]
[Site "Saint Maur des Fosses"]
[Date "2025.06.14"]
[Round "5"]
[White "Gatineau, Yovann"]
[Black "Lamaze, Simon"]
[Result "0-1"]
[WhiteElo "2363"]
[BlackElo "2400"]
[PlyCount "112"]
[EventDate "2025.06.14"]
[EventType "swiss"]
[EventRounds "9"]
[EventCountry "FRA"]
[SourceTitle "CB25_2025"]
[SourceDate "2025.06.18"]
[SourceVersion "1"]
[SourceVersionDate "2025.06.18"]
[SourceQuality "1"]

1. d4 Nf6 2. Bf4 b6 3. e3 Bb7 4. Nd2 g6 5. Ngf3 Nh5 6. Be5 f6 7. Bg3 e6 8. Bd3 Nxg3 9. hxg3 f5 10. g4 Nc6 11. gxf5 exf5 12. c3 Bg7 13. Qe2 Qe7 14. Ba6 0-0-0 15. 0-0-0 h5 16. Rhe1 d5 17. Bxb7+ Kxb7 18. Kb1 h4 19. c4 g5 20. cxd5 Rxd5 21. Qc4 Rd6 22. e4 g4 23. exf5 Qd7 24. Nh2 Rxd4 25. Qe6 Rd8 26. Nhf1 Rb4 27. f6 Qd3+ 28. Ka1 Qd4 29. Rb1 Bxf6 30. Re4 Qd6 31. Qxd6 Rxd6 32. Nc4 Rd4 33. Rxd4 Nxd4 34. Na3 h3 35. gxh3 gxh3 36. Ne3 c6 37. Rh1 Nf3 38. Nac4 h2 39. a3 Ra4 40. Ka2 Bd8 41. b3 Ra6 42. Ng4 Bc7 43. Nce3 b5 44. b4 c5 45. bxc5 Rg6 46. Kb3 Bf4 47. Kc2 Bxe3 48. Nxh2 Nxh2 49. fxe3 Rg2+ 50. Kc3 Kc6 51. Kd4 Rg4+ 52. e4 Nf3+ 53. Ke3 Ng5 54. Rh6+ Kxc5 55. Ra6 Rxe4+ 56. Kd3 Ra4 0-1

[Event "FRA-ch U20"]
[Site "Vichy"]
[Date "2025.04.28"]
[Round "3"]
[White "Robert, Yoann"]
[Black "Lamaze, Simon"]
[Result "1/2-1/2"]
[WhiteElo "2198"]
[BlackElo "2424"]
[PlyCount "56"]
[EventDate "2025.04.27"]
[EventType "swiss"]
[EventRounds "9"]
[EventCountry "FRA"]
[SourceTitle "CB19_2025"]
[SourceDate "2025.05.07"]
[SourceVersion "1"]
[SourceVersionDate "2025.05.07"]
[SourceQuality "1"]

1. Nf3 d5 2. e3 Nf6 3. c4 e6 4. Nc3 Bd6 5. b3 0-0 6. Bb2 Re8 7. Qc2 a6 8. d4 Nbd7 9. cxd5 exd5 10. g3 b6 11. Bg2 Bb7 12. 0-0 Rc8 13. Rad1 Qe7 14. Qb1 b5 15. Ne2 Ne4 16. Nf4 b4 17. Ne5 Nb6 18. Bh3 Rcd8 19. Qc2 Qf6 20. Bg2 Qh6 21. Rc1 Ra8 22. Nc6 Nf6 23. Na5 Bc8 24. Qd2 g5 25. Nd3 Bh3 26. Ne5 Bxg2 27. Kxg2 g4 28. f3 Qh3+ 1/2-1/2

[Event "Titled Tuesday intern op 01st Apr Early"]
[Site "Chess.com INT"]
[Date "2025.04.01"]
[Round "1"]
[White "Can, Melih Kaan"]
[Black "Lamaze, Simon"]
[Result "0-1"]
[WhiteElo "2171"]
[BlackElo "2448"]
[PlyCount "78"]
[EventDate "2025.04.01"]
[EventType "swiss (blitz)"]
[EventRounds "11"]
[EventCountry "USA"]
[SourceTitle "CB15_2025"]
[SourceDate "2025.04.09"]
[SourceVersion "1"]
[SourceVersionDate "2025.04.09"]
[SourceQuality "1"]

1. e4 c5 2. Nc3 e6 3. Nge2 Nc6 4. g3 g6 5. d4 cxd4 6. Nxd4 Bg7 7. Be3 Nge7 8. Bg2 0-0 9. 0-0 d5 10. exd5 Nxd5 11. Nxd5 exd5 12. c3 Re8 13. Re1 Ne5 14. Nf3 Nc4 15. Bd4 Nxb2 16. Qc2 Nc4 17. Bxg7 Kxg7 18. Rxe8 Qxe8 19. Nd4 Qe5 20. Rd1 Be6 21. h4 Rc8 22. Nxe6+ fxe6 23. Qb3 b6 24. Qb5 Rc7 25. Bh3 Nd6 26. Qa4 Ne4 27. Qe8 Nc5 28. Kf1 Rf7 29. Re1 Qf6 30. Re2 Re7 31. Qc6 Ne4 32. Kg2 Nxc3 33. Rxe6 Rxe6 34. Bxe6 Ne4 35. f3 Qb2+ 36. Kh3 Nf2+ 37. Kg2 Ng4+ 38. Kg1 Qf2+ 39. Kh1 Qh2# 0-1

[Event "Titled Tuesday intern op 11th Mar Early"]
[Site "Chess.com INT"]
[Date "2025.03.11"]
[Round "4"]
[White "Lamaze, Simon"]
[Black "Lauda, Alexandr"]
[Result "1-0"]
[WhiteElo "2448"]
[BlackElo "2255"]
[PlyCount "67"]
[EventDate "2025.03.11"]
[EventType "swiss (blitz)"]
[EventRounds "11"]
[EventCountry "USA"]
[SourceTitle "CB12_2025"]
[SourceDate "2025.03.19"]
[SourceVersion "1"]
[SourceVersionDate "2025.03.19"]
[SourceQuality "1"]

1. c4 Nf6 2. d4 g6 3. g3 Bg7 4. Bg2 0-0 5. Nc3 d6 6. Nf3 Nc6 7. d5 Na5 8. Nd2 c5 9. Qc2 a6 10. Rb1 Rb8 11. b3 b5 12. 0-0 Bh6 13. e3 e6 14. Bb2 bxc4 15. bxc4 exd5 16. Nxd5 Nxd5 17. Bxd5 Bf5 18. Be4 Bxe4 19. Nxe4 Rxb2 20. Rxb2 d5 21. cxd5 Bg7 22. Rbb1 Qxd5 23. Qxc5 Qxa2 24. Nc3 Qd2 25. Qxa5 Bxc3 26. Qxa6 Qd5 27. Qb7 Qg5 28. Qf3 h5 29. Rfd1 Qe7 30. Rb7 Qe6 31. Kg2 Kg7 32. Rdd7 Bf6 33. h4 Qa6 34. Qd5 1-0

[Event "Wch U20 62nd"]
[Site "Petrovac"]
[Date "2025.03.04"]
[Round "8"]
[White "Lamaze, Simon"]
[Black "Kozlovic, Jernej"]
[Result "1-0"]
[WhiteElo "2447"]
[BlackElo "2274"]
[PlyCount "155"]
[EventDate "2025.02.25"]
[EventType "swiss"]
[EventRounds "11"]
[EventCountry "MNE"]
[SourceTitle "CB11_2025"]
[SourceDate "2025.03.12"]
[SourceVersion "1"]
[SourceVersionDate "2025.03.12"]
[SourceQuality "1"]

1. d4 d5 2. c4 c6 3. Nf3 Nf6 4. g3 Bf5 5. Nc3 e6 6. Nh4 dxc4 7. Nxf5 exf5 8. e3 Nbd7 9. Bxc4 Nb6 10. Bb3 Qc7 11. Bd2 h5 12. Qc2 g6 13. 0-0-0 0-0-0 14. a3 h4 15. Kb1 Nbd5 16. Nxd5 cxd5 17. Qd3 Kb8 18. Rc1 Qb6 19. Rcf1 Bd6 20. Be1 Qc7 21. Qc3 Qxc3 22. Bxc3 Rh7 23. f3 Rdh8 24. Rhg1 hxg3 25. hxg3 Re8 26. Bd2 Rh2 27. Bc1 Kc7 28. g4 f4 29. exf4 Ree2 30. Bd1 Re8 31. Re1 b5 32. Bc2 Rf2 33. Ref1 Rh2 34. f5 gxf5 35. Bxf5 Nd7 36. Bd3 b4 37. axb4 Nf8 38. Rh1 Rg2 39. Rh5 Ne6 40. Rxd5 Nf4 41. Bxf4 Bxf4 42. Be4 Rh8 43. Rc5+ Kb6 44. Rc2 Rhh2 45. Rxg2 Rxg2 46. Ka2 Rd2 47. Rc1 Be3 48. Rc8 Bxd4 49. Rb8+ Kc7 50. Rb7+ Kd6 51. Rxf7 Rxb2+ 52. Ka3 Rg2 53. Kb3 Rg1 54. Rf5 Be3 55. Kc4 Ke6 56. Kd3 Bb6 57. Rh5 Kf6 58. Kc4 Be3 59. b5 Bb6 60. Rf5+ Ke6 61. Rh5 Kf6 62. Kd5 Rd1+ 63. Kc6 Be3 64. Rf5+ Ke7 65. Kb7 Ke6 66. Bc6 Rg1 67. Rf8 Bc5 68. Re8+ Kf6 69. Re4 Rh1 70. g5+ Kf5 71. Bd7+ Kg6 72. Re6+ Kf7 73. g6+ Kg7 74. Rc6 Be3 75. Bf5 Bd4 76. Rc7+ Kh8 77. Rd7 Rh4 78. Be4 1-0

[Event "Wch U20 62nd"]
[Site "Petrovac"]
[Date "2025.03.03"]
[Round "7"]
[White "Szakmary, Domonkos"]
[Black "Lamaze, Simon"]
[Result "0-1"]
[WhiteElo "2199"]
[BlackElo "2447"]
[PlyCount "30"]
[EventDate "2025.02.25"]
[EventType "swiss"]
[EventRounds "11"]
[EventCountry "MNE"]
[SourceTitle "CB11_2025"]
[SourceDate "2025.03.12"]
[SourceVersion "1"]
[SourceVersionDate "2025.03.12"]
[SourceQuality "1"]

1. e4 c5 2. Nf3 Nc6 3. Bb5 Nf6 4. d3 Qa5+ 5. Nc3 Nd4 6. Bc4 b5 7. e5 bxc4 8. exf6 cxd3 9. Qxd3 Ba6 10. Qe4 d5 11. Qxd5 Nxc2+ 12. Kd1 Rd8 13. Kxc2 Rxd5 14. Nxd5 Qa4+ 15. Kd2 Qd7 0-1

[Event "Wch U20 62nd"]
[Site "Petrovac"]
[Date "2025.02.27"]
[Round "3"]
[White "Neagu, Roberto Florin"]
[Black "Lamaze, Simon"]
[Result "1/2-1/2"]
[WhiteElo "2197"]
[BlackElo "2447"]
[PlyCount "140"]
[EventDate "2025.02.25"]
[EventType "swiss"]
[EventRounds "11"]
[EventCountry "MNE"]
[SourceTitle "CB11_2025"]
[SourceDate "2025.03.12"]
[SourceVersion "1"]
[SourceVersionDate "2025.03.12"]
[SourceQuality "1"]

1. d4 Nf6 2. c4 g6 3. Nc3 Bg7 4. e4 d6 5. Be2 0-0 6. Nf3 e5 7. 0-0 Qe8 8. dxe5 dxe5 9. h3 Na6 10. Be3 Nh5 11. Re1 Nf4 12. Bf1 Ne6 13. a3 c6 14. b4 Qe7 15. Ra2 Rd8 16. Rd2 Rxd2 17. Qxd2 Bd7 18. Rd1 Be8 19. Qc1 b6 20. c5 Qb7 21. Na4 b5 22. Nc3 Nac7 23. Rd6 f6 24. Bh6 Bf7 25. Bxg7 Kxg7 26. Qd2 Nf8 27. h4 Ne8 28. Rd3 Qe7 29. Qd1 h5 30. Ne2 a5 31. Qb1 Bc4 32. Rd1 axb4 33. axb4 Ra3 34. Nc1 Bf7 35. Qb2 Ra7 36. Nb3 Bxb3 37. Qxb3 Qe6 38. Qc3 Rd7 39. Rxd7+ Qxd7 40. Nd2 Nc7 41. Nb3 Nfe6 42. Qa1 Qc8 43. g3 Qd8 44. Qa7 Kh6 45. Na5 Nd4 46. Qb7 Qd7 47. Qb8 Kg7 48. Qb7 g5 49. hxg5 fxg5 50. Bg2 h4 51. gxh4 gxh4 52. Bh3 Qf7 53. Bf5 Nce6 54. Qb8 Nxf5 55. Qxe5+ Qf6 56. Qxf5 Qxf5 57. exf5 Nd4 58. Kg2 Kf6 59. Kh3 Kxf5 60. Kxh4 Kf4 61. Kh5 Kf5 62. Kh4 Kf4 63. Kh5 Kf5 64. Kh6 Kf6 65. Kh7 Kf7 66. f4 Ne6 67. Nxc6 Nxf4 68. Nd4 Nd3 69. Nxb5 Nxb4 70. c6 Nxc6 1/2-1/2

[Event "Titled Tuesday intern op 04th Feb Early"]
[Site "Chess.com INT"]
[Date "2025.02.04"]
[Round "2"]
[White "Kiewra, Keaton F"]
[Black "Lamaze, Simon"]
[Result "0-1"]
[WhiteElo "2267"]
[BlackElo "2447"]
[PlyCount "156"]
[EventDate "2025.02.04"]
[EventType "swiss (blitz)"]
[EventRounds "11"]
[EventCountry "USA"]
[SourceTitle "CB07_2025"]
[SourceDate "2025.02.12"]
[SourceVersion "1"]
[SourceVersionDate "2025.02.12"]
[SourceQuality "1"]

1. d4 Nf6 2. Bg5 g6 3. Bxf6 exf6 4. c4 Bg7 5. g3 c5 6. dxc5 Qa5+ 7. Nc3 f5 8. Qd3 Na6 9. Qe3+ Kd8 10. Nf3 Re8 11. Qg5+ Re7 12. Qd2 Nxc5 13. Rc1 b6 14. Bg2 Ne4 15. Nxe4 fxe4 16. Qxa5 bxa5 17. Ng5 f5 18. Rc2 h6 19. Nh3 Rb8 20. Nf4 g5 21. Nd5 Re6 22. h4 g4 23. Ne3 Re5 24. 0-0 Rc5 25. Rb1 a4 26. b4 a3 27. Rb3 Rc7 28. f3 exf3 29. exf3 Ba6 30. Nxf5 Bf8 31. c5 h5 32. Rxa3 Bb5 33. fxg4 hxg4 34. h5 a5 35. Kh2 axb4 36. Re3 Rxc5 37. Rxc5 Bxc5 38. Re4 Kc7 39. Rxg4 Bd3 40. Be4 Be2 41. Rh4 Rh8 42. h6 Bf8 43. h7 Kb6 44. Ne3 Kc5 45. Nd5 Bg7 46. Ne7 Bf6 47. Ng6 Bxh4 48. Nxh8 Bf6 49. Nf7 d5 50. Bf5 d4 51. h8Q Bxh8 52. Nxh8 d3 53. Bxd3 Bxd3 54. g4 Bc4 55. g5 Bxa2 56. g6 Bg8 57. Nf7 b3 58. Nh6 b2 59. Nxg8 b1Q 60. Ne7 Qc2+ 61. Kg3 Qc3+ 62. Kf4 Qf6+ 63. Nf5 Qxg6 64. Ne3 Kd4 65. Nf5+ Kd3 66. Ng3 Qd6+ 67. Kg4 Qf8 68. Nf5 Ke4 69. Ng3+ Ke5 70. Nh5 Qg8+ 71. Kf3 Qf7+ 72. Kg4 Qg6+ 73. Kh4 Kf5 74. Ng3+ Kf4 75. Nh5+ Kf3 76. Nf6 Qxf6+ 77. Kh5 Qg7 78. Kh4 Qg4# 0-1

[Event "Titled Tuesday intern op 04th Feb Early"]
[Site "Chess.com INT"]
[Date "2025.02.04"]
[Round "1"]
[White "Lamaze, Simon"]
[Black "Khajavi, Armin"]
[Result "1-0"]
[WhiteElo "2447"]
[BlackElo "2303"]
[PlyCount "81"]
[EventDate "2025.02.04"]
[EventType "swiss (blitz)"]
[EventRounds "11"]
[EventCountry "USA"]
[SourceTitle "CB07_2025"]
[SourceDate "2025.02.12"]
[SourceVersion "1"]
[SourceVersionDate "2025.02.12"]
[SourceQuality "1"]

1. e4 c5 2. Nf3 a6 3. c4 e6 4. d4 cxd4 5. Nxd4 Qc7 6. Nc3 Bb4 7. Qf3 Nc6 8. Nc2 Bc5 9. Bf4 d6 10. 0-0-0 Nf6 11. g4 Ne5 12. Bxe5 dxe5 13. g5 Nd7 14. b4 Be7 15. h4 b6 16. a3 Bb7 17. Kb2 0-0 18. Rg1 Rac8 19. h5 b5 20. c5 Nxc5 21. bxc5 Qxc5 22. g6 fxg6 23. Qe3 Qc7 24. Bh3 Bc5 25. Bxe6+ Kh8 26. Qh3 Bd4 27. Nxd4 exd4 28. Bxc8 dxc3+ 29. Qxc3 Rxf2+ 30. Rd2 Rxd2+ 31. Qxd2 Bxc8 32. hxg6 Qe5+ 33. Qc3 Qh2+ 34. Qc2 Qe5+ 35. Kb1 Bb7 36. Re1 hxg6 37. Rh1+ Kg8 38. Qb3+ Kf8 39. Rf1+ Ke8 40. Qf7+ Kd8 41. Qxb7 1-0

[Event "Titled Tuesday intern op 04th Feb Early"]
[Site "Chess.com INT"]
[Date "2025.02.04"]
[Round "4"]
[White "Samunenkov, Igor"]
[Black "Lamaze, Simon"]
[Result "1-0"]
[WhiteElo "2550"]
[BlackElo "2447"]
[PlyCount "99"]
[EventDate "2025.02.04"]
[EventType "swiss (blitz)"]
[EventRounds "11"]
[EventCountry "USA"]
[SourceTitle "CB07_2025"]
[SourceDate "2025.02.12"]
[SourceVersion "1"]
[SourceVersionDate "2025.02.12"]
[SourceQuality "1"]

1. e4 c5 2. c3 d5 3. exd5 Qxd5 4. d4 Nc6 5. Nf3 Bf5 6. Be3 cxd4 7. Nxd4 Nf6 8. Na3 Nxd4 9. Qxd4 Qxd4 10. Bxd4 e5 11. Be3 Bxa3 12. bxa3 Bd7 13. c4 Bc6 14. f3 a6 15. Be2 0-0-0 16. Kf2 h6 17. h4 Rhe8 18. Rab1 Re6 19. g4 Ne8 20. Rhg1 f6 21. Rbd1 Rxd1 22. Rxd1 Rd6 23. Rh1 Nc7 24. g5 f5 25. gxh6 gxh6 26. Rg1 f4 27. Bc1 Rf6 28. Bb2 Rf5 29. Bd3 Rh5 30. Rh1 e4 31. Bxe4 Bxe4 32. fxe4 Rc5 33. Rc1 Rh5 34. Bf6 Ne8 35. Bd4 Rxh4 36. Kf3 Nc7 37. Bf6 Rh3+ 38. Kxf4 Rxa3 39. Rd1 b6 40. Rd2 Ra4 41. Rc2 Kd7 42. Kf5 Ra3 43. Rd2+ Kc6 44. Rh2 Rf3+ 45. Ke5 Rc3 46. Kd4 Rf3 47. Rxh6 Ne6+ 48. Ke5 Nc7 49. Bd8+ Kb7 50. Rh7 1-0

[Event "Titled Tuesday intern op 24th Sep Late"]
[Site "Chess.com INT"]
[Date "2024.09.24"]
[Round "2"]
[White "Lamaze, Simon"]
[Black "Nakamura, Hikaru"]
[Result "0-1"]
[WhiteElo "2458"]
[BlackElo "2802"]
[PlyCount "80"]
[EventDate "2024.09.24"]
[EventType "swiss (blitz)"]
[EventRounds "11"]
[EventCountry "USA"]
[SourceTitle "EXT 2025"]
[Source "ChessBase"]
[SourceDate "2024.10.14"]
[SourceVersion "1"]
[SourceVersionDate "2024.10.14"]
[SourceQuality "1"]

1. g4 d5 2. h3 h5 3. g5 e5 4. d3 Ne7 5. Bg2 Ng6 6. e4 Nh4 7. Bf3 Be7 8. exd5 Bxg5 9. Nd2 g6 10. Ne4 Bxc1 11. Rxc1 f5 12. Nd2 Nd7 13. c4 0-0 14. Ne2 Nc5 15. Rc3 e4 16. dxe4 fxe4 17. Bxe4 Qf6 18. Rf1 Bf5 19. Qc2 Rae8 20. Ng3 Nxe4 21. Ndxe4 Bxe4 22. Nxe4 Nf3+ 23. Kd1 Qe5 24. Re3 Nd4 25. Qd3 Nf5 26. Re2 Qf4 27. Rfe1 Re7 28. Ng3 Rxe2 29. Rxe2 Qg5 30. Nxf5 Rxf5 31. Qe3 Qxe3 32. Rxe3 Rxf2 33. Re7 Rf7 34. Rxf7 Kxf7 35. h4 Kf6 36. Kd2 g5 37. hxg5+ Kxg5 38. Ke3 Kf5 39. b4 Ke5 40. a4 h4 0-1

[Event "Titled Tuesday intern op 03rd Sep Late"]
[Site "Chess.com INT"]
[Date "2024.09.03"]
[Round "2"]
[White "Lamaze, Simon"]
[Black "Matyassy, Lazar"]
[Result "1-0"]
[WhiteElo "2458"]
[BlackElo "2225"]
[PlyCount "101"]
[EventDate "2024.09.03"]
[EventType "swiss (blitz)"]
[EventRounds "11"]
[EventCountry "USA"]
[SourceTitle "EXT 2025"]
[Source "ChessBase"]
[SourceDate "2024.10.14"]
[SourceVersion "1"]
[SourceVersionDate "2024.10.14"]
[SourceQuality "1"]

1. Na3 e5 2. Nc4 Nc6 3. e4 Nf6 4. d3 d5 5. exd5 Nxd5 6. g3 Be7 7. Bg2 0-0 8. Nf3 Re8 9. 0-0 Bf8 10. Re1 f6 11. c3 Be6 12. a4 Qd7 13. a5 a6 14. Qa4 Rad8 15. Nfd2 Nde7 16. Bf1 Bh3 17. Ne4 Bxf1 18. Rxf1 Ng6 19. Ne3 Qxd3 20. Rd1 Qb5 21. Qxb5 axb5 22. Nd5 Nge7 23. Nxe7+ Bxe7 24. Rxd8 Rxd8 25. Be3 f5 26. Nc5 f4 27. gxf4 exf4 28. Bd4 Nxd4 29. cxd4 Bxc5 30. dxc5 Rd5 31. c6 bxc6 32. a6 Rd8 33. Rc1 f3 34. h3 Ra8 35. Rxc6 b4 36. Kh2 Ra7 37. Kg3 Kf7 38. Kxf3 Ke7 39. Ke4 Kd7 40. Kd5 Ra8 41. f4 Ra7 42. f5 Ra8 43. f6 gxf6 44. Rxf6 Ra7 45. Kc5 Kc8 46. Rf8+ Kd7 47. Kb5 c6+ 48. Kb6 Rc7 49. Rf7+ Kd6 50. Rxc7 c5 51. Rc6+ 1-0

[Event "Titled Tuesday intern op 27th Aug Late"]
[Site "Chess.com INT"]
[Date "2024.08.27"]
[Round "1"]
[White "Lamaze, Simon"]
[Black "Liu, Casper Yukun"]
[Result "1-0"]
[WhiteElo "2440"]
[BlackElo "2339"]
[PlyCount "65"]
[EventDate "2024.08.27"]
[EventType "swiss (blitz)"]
[EventRounds "11"]
[EventCountry "USA"]
[SourceTitle "EXT 2025"]
[Source "ChessBase"]
[SourceDate "2024.10.14"]
[SourceVersion "1"]
[SourceVersionDate "2024.10.14"]
[SourceQuality "1"]

1. d4 d5 2. c4 e6 3. Nf3 Nf6 4. g3 Na6 5. cxd5 exd5 6. Bg2 c6 7. 0-0 h6 8. b3 Bf5 9. Bb2 Be7 10. Nc3 0-0 11. Ne5 Nc7 12. Qd2 Re8 13. Rad1 a5 14. Rfe1 Bb4 15. f3 a4 16. Nd3 Ba5 17. bxa4 Bxc3 18. Bxc3 Rxa4 19. Nc5 Ra7 20. Ba5 Qb8 21. Bb6 Ra3 22. e4 dxe4 23. fxe4 Bg4 24. Rb1 Nb5 25. Rb3 Rxb3 26. axb3 Qa8 27. d5 cxd5 28. exd5 Rxe1+ 29. Qxe1 Nd6 30. h3 Bh5 31. Qe5 Nc8 32. Bd8 Qa7 33. b4 1-0

[Event "Titled Tuesday intern op 20th Aug Late"]
[Site "Chess.com INT"]
[Date "2024.08.20"]
[Round "5"]
[White "Lamaze, Simon"]
[Black "Ezat, Mohamed Mahmoud"]
[Result "1-0"]
[WhiteElo "2440"]
[BlackElo "2307"]
[PlyCount "113"]
[EventDate "2024.08.20"]
[EventType "swiss (blitz)"]
[EventRounds "11"]
[EventCountry "USA"]
[SourceTitle "EXT 2025"]
[Source "ChessBase"]
[SourceDate "2024.10.14"]
[SourceVersion "1"]
[SourceVersionDate "2024.10.14"]
[SourceQuality "1"]

1. e4 e5 2. Nf3 Nc6 3. Bb5 a6 4. Ba4 Nf6 5. 0-0 Be7 6. Bxc6 dxc6 7. Re1 Bg4 8. h3 Bh5 9. d4 Bxf3 10. Qxf3 Qxd4 11. Nc3 0-0 12. Rd1 Qc4 13. b3 Qe6 14. Bb2 Rfd8 15. Re1 Rd2 16. Rac1 Bc5 17. Re2 Rad8 18. Na4 Ba7 19. Bc3 R2d7 20. Nb2 Bd4 21. Bxd4 Rxd4 22. Nd3 Qd6 23. Rce1 c5 24. Qf5 Re8 25. f4 Nd7 26. g3 g6 27. Qg5 c4 28. bxc4 Rxc4 29. f5 Kg7 30. Nf2 Qf6 31. Qd2 Rd4 32. Qc3 Qb6 33. Kg2 Qc5 34. Qf3 Nf6 35. Rf1 Qe7 36. h4 h5 37. Nh3 Red8 38. Ng5 Rd2 39. Rff2 Rxe2 40. Rxe2 Ng4 41. fxg6 fxg6 42. Qb3 Rd6 43. Qxb7 Qd7 44. Qb4 Rd1 45. Qc5 Rd2 46. Qc4 Rxe2+ 47. Qxe2 Qd4 48. Ne6+ Kf6 49. Nxd4 exd4 50. Qxa6+ Ke5 51. Qxg6 Ne3+ 52. Kf3 Nxc2 53. Qxh5+ Kd6 54. Qd5+ Ke7 55. Qc5+ Ke6 56. Qxc2 c5 57. Qxc5 1-0

[Event "Titled Tuesday intern op 20th Aug Late"]
[Site "Chess.com INT"]
[Date "2024.08.20"]
[Round "7"]
[White "Lamaze, Simon"]
[Black "Munoz, Francisco Javier"]
[Result "1-0"]
[WhiteElo "2440"]
[BlackElo "2389"]
[PlyCount "97"]
[EventDate "2024.08.20"]
[EventType "swiss (blitz)"]
[EventRounds "11"]
[EventCountry "USA"]
[SourceTitle "EXT 2025"]
[Source "ChessBase"]
[SourceDate "2024.10.14"]
[SourceVersion "1"]
[SourceVersionDate "2024.10.14"]
[SourceQuality "1"]

1. c4 e6 2. Nf3 d5 3. d4 Nf6 4. Nc3 Nbd7 5. Bf4 dxc4 6. e4 Bb4 7. Nd2 Bxc3 8. bxc3 b5 9. a4 c6 10. Bd6 a6 11. g4 Bb7 12. g5 Ng8 13. Rg1 Ne7 14. Rg3 Ng6 15. Qh5 Nb6 16. e5 Rc8 17. Ne4 c5 18. Nxc5 Rxc5 19. dxc5 Nxa4 20. Bxc4 Nxc5 21. Bxc5 bxc4 22. Qd1 Qxd1+ 23. Rxd1 Nxe5 24. Ba3 Nd3+ 25. Ke2 Bd5 26. Rb1 Kd7 27. Rg4 h5 28. gxh6 g6 29. Rh4 g5 30. Rg4 f6 31. h4 Ne5 32. Rg3 g4 33. Bc1 f5 34. Bf4 Nd3 35. Bg5 Bf3+ 36. Rxf3 gxf3+ 37. Kxf3 Kc6 38. Be3 e5 39. Rb6+ Kd5 40. Rxa6 e4+ 41. Ke2 f4 42. Bd4 Rh7 43. Bg7 Nc5 44. Ra5 Kc6 45. h5 Kb6 46. Ra8 Kc6 47. Rc8+ Kd5 48. Rd8+ Kc6 49. Rh8 1-0

[Event "Titled Tuesday intern op 20th Aug Late"]
[Site "Chess.com INT"]
[Date "2024.08.20"]
[Round "2"]
[White "Lamaze, Simon"]
[Black "Paikens, Reinis"]
[Result "1-0"]
[WhiteElo "2440"]
[BlackElo "2165"]
[PlyCount "75"]
[EventDate "2024.08.20"]
[EventType "swiss (blitz)"]
[EventRounds "11"]
[EventCountry "USA"]
[SourceTitle "EXT 2025"]
[Source "ChessBase"]
[SourceDate "2024.10.14"]
[SourceVersion "1"]
[SourceVersionDate "2024.10.14"]
[SourceQuality "1"]

1. e4 c5 2. Nf3 d6 3. d4 cxd4 4. Nxd4 Nf6 5. Nc3 g6 6. g3 Bg7 7. Bg2 0-0 8. 0-0 Nc6 9. Nde2 Bd7 10. Nd5 Nxe4 11. Bxe4 e6 12. Ndc3 d5 13. Bg2 a6 14. a4 Rc8 15. Be3 Qe7 16. Re1 Qb4 17. Bd2 Qc5 18. Rb1 Rfd8 19. Nc1 d4 20. Ne4 Qe7 21. f4 e5 22. Nd3 f5 23. Nec5 e4 24. Nxb7 Re8 25. Nbc5 Qd6 26. Nxd7 Qxd7 27. Nc5 Qa7 28. b4 a5 29. c3 dxc3 30. Be3 axb4 31. Ne6 Qf7 32. Nxg7 Qxg7 33. Bf1 Red8 34. Qb3+ Kh8 35. Red1 Rxd1 36. Rxd1 Qe7 37. Bb5 Na5 38. Bd4+ 1-0

[Event "Titled Tuesday intern op 20th Aug Late"]
[Site "Chess.com INT"]
[Date "2024.08.20"]
[Round "4"]
[White "Tang, Andrew"]
[Black "Lamaze, Simon"]
[Result "1-0"]
[WhiteElo "2513"]
[BlackElo "2440"]
[PlyCount "93"]
[EventDate "2024.08.20"]
[EventType "swiss (blitz)"]
[EventRounds "11"]
[EventCountry "USA"]
[SourceTitle "EXT 2025"]
[Source "ChessBase"]
[SourceDate "2024.10.14"]
[SourceVersion "1"]
[SourceVersionDate "2024.10.14"]
[SourceQuality "1"]

1. d4 d5 2. Nf3 Nf6 3. Bf4 c5 4. e3 Nc6 5. Nbd2 e6 6. c3 Nh5 7. Bg5 f6 8. Bh4 g6 9. Rc1 cxd4 10. cxd4 Bd7 11. a3 Be7 12. Bd3 0-0 13. 0-0 Ng7 14. Bg3 Nf5 15. Bf4 g5 16. Bg3 Nxg3 17. hxg3 f5 18. Rc2 Bd6 19. Qb1 g4 20. Ne1 Qg5 21. Be2 h5 22. Nd3 h4 23. Nf4 Qh6 24. Bd3 Rf7 25. Rfc1 Raf8 26. Rc3 Bxf4 27. gxf4 g3 28. Nf3 Rg7 29. Qc2 Be8 30. Ng5 Bh5 31. f3 Rxg5 32. fxg5 Qxg5 33. f4 Qh6 34. b4 h3 35. gxh3 Bf3 36. Bf1 Be4 37. Qd2 a6 38. Bg2 Rf7 39. Rc5 Rg7 40. a4 Ne7 41. Rc7 Ng6 42. Rxg7+ Qxg7 43. Qe2 Nh4 44. Rc8+ Kf7 45. Rc7+ Kf6 46. Rxg7 Kxg7 47. Bxe4 1-0